LEADER 00904naa a2200217 u 4500 001 000000096494 003 CaOOAMICUS 005 20070226130146.0 008 041020s1994 it u000 u ita u 020 $a8802047979 035 $a11012256 040 $aIAR$bita 100 1 $aMiglio, Luisa.$0(OLS)http://pul/name/61490 245 10$aDalla scrittura umanistica alle edizioni di Aldo Manuzio /$cLuisa Miglio. 260 $aTorino :$bUTET,$c1994. 300 $aS. 81-96 ;$c29 cm 773 0 $aL'Italia e la formazione della civiltą europea : Letteratura e vita intellettuale. 773 0 $tL'Italia e la formazione della civiltą europea. 2, Letteratura e vita intellettuale$w()19289 996 $6020$a8802047979$9(OLS)http://pul/number/24683 996 $6245$aDalla scrittura umanistica alle edizioni di Aldo Manuzio$9(OLS)http://pul/title/123371 996 $6260$aTorino :$bUTET$9(OLS)http://pul/publisher/48088 LEADER 01193nam a2200301 a 4500 001 000000175147 003 CaOOAMICUS 005 20220426123319.0 008 220426s2009 nju u000 u eng r 020 $a978-0-691-13681-3* 032 $aLibriCat 040 $aPUL$bita 082 14$a410 100 1 $aSoames, Scott.$0(OLS)http://pul/name/71913 245 10$aPhilosophical essays /$cScott Soames . 260 $aPrinceton :$bPrinceton University Press,$c©2009. 300 $aX, 428 p. ; $c22 cm 504 $aBibliografia in nota a pič pagina. 505 0 $av.1 : Natural language: what it means and how we use it. 650 4$aSemantica linguistica.$0(OLS)http://pul/subject/8270 850 $aPUL 852 $aPUL$W1$xSL Cons. Gen., Altre Classi 3$y75$m410 SOASC 1$j199404$qDDC 21$B204114$CPULBib$Z2$F204114 $H135558 $82 941 1 $a9 996 $6020$a978-0-691-13681-3*$9(OLS)http://pul/number/168586 996 $6082$a410$9(OLS)http://pul/classification/1886 996 $6245$aPhilosophical essays$9(OLS)http://pul/title/86165 996 $6260$aPrinceton :$bPrinceton University Press$9(OLS)http://pul/publisher/55740